| 000 | 00837cam a2200265 a 4500 | ||
|---|---|---|---|
| 008 | |||
| 020 | _a0521592224 (hbk) | ||
| 049 | _aMAIN | ||
| 090 | _aQA649 | ||
| 245 | 0 | 0 |
_aComparison geometry / _cedited by Karsten Grove, Peter Petersen. |
| 260 |
_aCambridge : _bCambridge University Press, _c1997. |
||
| 300 |
_ax, 262 p. : _bill. ; _c25 cm. |
||
| 440 | 0 |
_aMathematical Sciences Research Institute publications ; _v30 |
|
| 504 | _aIncludes bibliographical references. | ||
| 650 | 0 | _aSpaces of constant curvature. | |
| 650 | 0 | _aRiemannian manifolds. | |
| 650 | 0 | _aGeometry, Riemannian. | |
| 700 | 1 | _aGrove, Karsten. | |
| 700 | 1 | _aPetersen, Peter | |
| 907 |
_a.b10003356 _b26-09-05 _c17-04-03 |
||
| 003 | |||
| 005 | 20230123134110.0 | ||
| 040 | _cNUST | ||
| 942 |
_cBOOKS _kQA649 |
||
| 999 |
_c160002 _d160002 |
||